Fr. Conceicao Rodrigues College of Engineering

Communication Skills II (Record no. 29503)

MARC details
000 -LEADER
fixed length control field 00356nam a2200169Ia 4500
082 ## - DEWEY DECIMAL CLASSIFICATION NUMBER
Classification number 302.2
Item number SHE
100 ## - MAIN ENTRY--PERSONAL NAME
Personal name Shetty/ Roopa
245 ## - TITLE STATEMENT
Title Communication Skills II
260 ## - PUBLICATION, DISTRIBUTION, ETC.
Name of publisher, distributor, etc. Nandu Pub
Place of publication, distribution, etc. Mumbai
Date of publication, distribution, etc. 1996
300 ## - PHYSICAL DESCRIPTION
Extent 74
490 ## - SERIES STATEMENT
Volume/sequential designation 2
546 ## - LANGUAGE NOTE
Language note ENGLISH
650 ## - SUBJECT ADDED ENTRY--TOPICAL TERM
Topical term or geographic name entry element General
654 ## - SUBJECT ADDED ENTRY--FACETED TOPICAL TERMS
Focus term Communication skills II
942 ## - ADDED ENTRY ELEMENTS (KOHA)
Koha item type BOOK
Holdings
Withdrawn status Lost status Damaged status Not for loan Collection Home library Current library Date acquired Total Checkouts Full call number Barcode Date last seen Price effective from Koha item type
        CRC Fr. Agnel's C.Rodrigues College of Engineering Fr. Agnel's C.Rodrigues College of Engineering 17/03/2023   302.2 SHE 10991 17/03/2023 17/03/2023 BOOK